000 00571nam a2200121Ia 4500
008 220615s9999||||xx |||||||||||||| ||und||
100 _aAkabayashi, Akira
245 0 _aBioethics Across the Globe
_bRebirthing Bioethics
546 _aEnglish[eng]
650 _aTheory of Medicine/Bioethics||Health Sciences||Bioethics||Brain death||Informed Consent||Advance Directives||Regenerative medicine||Research Regulation||Open Access||Medicine: general issues
856 _uhttps://library.oapen.org/bitstream/20.500.12657/39573/1/2020_Book_BioethicsAcrossTheGlobe.pdf
942 _cEB
999 _c8689
_d8689